000
00315nam a2200133Ia 4500
005
20260328104323.0
008
260328s9999||||xx |||||||||||||| ||und||
100
_a
Buchanan, William
245
4
_a
The Glasgow School of Art /
_c
William Buchanan
260
_b
RD
300
_a
224 p.
650
_a
ARTE
942
_c
BK
999
_c
11422
_d
11422